Reddere ius. Saggio di una storia dell'amministrazione della giustizia in Roma
Saved in:
| Hovedforfatter: | |
|---|---|
| Format: | Bog |
| Sprog: | italiensk |
| Udgivet: |
Roma
Bulzoni
1976
|
| Fag: | |
| Tags: |
Tilføj Tag
Ingen Tags, Vær først til at tagge denne postø!
|
MARC
| LEADER | 00000nam a2200000 a 4500 | ||
|---|---|---|---|
| 001 | UCR0937 | ||
| 003 | CL-VaPUC | ||
| 008 | 971205e19760000IT |||||||||||||||||ita|d | ||
| 082 | 0 | 4 | |a 340.54 |b NOC |2 21 |
| 100 | |a Nocera, Guglielmo |e autore |9 400729 | ||
| 245 | 1 | 0 | |a Reddere ius. Saggio di una storia dell'amministrazione della giustizia in Roma |
| 300 | |a 266 p | ||
| 942 | |c BK | ||
| 945 | |d 19971205 00:00:00 |a aolguin | ||
| 260 | |a Roma |b Bulzoni |c 1976 | ||
| 650 | 0 | |a Derecho romano |9 255930 | |
| 650 | 0 | |a Administración del derecho |9 397589 | |
| 650 | 0 | |a Justicia |9 255408 | |
| 650 | 7 | |a ORDEN SOCIAL |2 CL-VaPUC |9 384516 | |
| 650 | 7 | |a LEY |2 CL-VaPUC |9 397590 | |
| 650 | 7 | |a TECNICA JURIDICA |2 CL-VaPUC |9 384510 | |
| 650 | 7 | |a PROCESO JURIDICO |2 CL-VaPUC |9 394452 | |
| 650 | 7 | |a MAGISTRATURA |2 CL-VaPUC |9 387327 | |
| 583 | |a last modification |c 19971205 00:00:00 |k Rodrigo Vera | ||
| 999 | |c 264435 |d 264433 | ||
| 952 | |0 0 |1 0 |4 0 |6 340_540000000000000_NOC_1976 |7 0 |8 DER_ROM |9 294712 |a BIBDER |b BIBDER |d 2019-11-19 |i 1909967 |o 340.54 NOC 1976 |p 1909967 |r 2023-01-25 |w 2019-11-19 |x Ubicación 4to piso |y BK |z Este recurso debe solicitarse con anticipación |k DER | ||